[Event "NAYCC U18"]
[Site "Kingston CAN"]
[Date "2025.08.20"]
[Round "4.6"]
[White "Mou, Iris"]
[Black "Patel, Maahir M"]
[Result "0-1"]
[WhiteElo "2240"]
[BlackElo "2114"]
[WhiteFideId "-1"]
[WhiteFideId "-1"]
[PlyCount "114"]
[GameId "2215854727563148"]
[EventDate "2025.08.18"]
[EventType "swiss"]
[EventRounds "9"]
[EventCountry "CAN"]

1. e4 e6 2. d4 d5 3. Nc3 Bb4 4. Nge2 Nc6 5. a3 Ba5 6. b4 Bb6 7. Na4 dxe4 8. Nxb6 axb6 9. Bb2 Nge7 10. Ng3 f5 11. Qh5+ g6 12. Qh6 Nxd4 13. O-O-O c5 14. c3 Qc7 15. b5 Nb3+ 16. Kc2 c4 17. Qg7 Rf8 18. Be2 Nd5 19. Qxc7 Nxc7 20. Bxc4 Nc5 21. Bc1 Bd7 22. Bh6 Rf7 23. Rb1 Ra5 24. a4 Rxa4 25. Rb4 Rxb4 26. cxb4 Nd3 27. Bxd3 exd3+ 28. Kxd3 Bxb5+ 29. Kd4 Rd7+ 30. Ke5 Kf7 31. Rc1 Rd5+ 32. Kf4 e5+ 33. Kg5 Bc6 34. Kh4 Rd4+ 35. Kh3 Rxb4 36. Bd2 Rd4 37. Bc3 Rc4 38. Bb2 Rxc1 39. Bxc1 b5 40. Nf1 Nd5 41. f3 Nf4+ 42. Kh4 Nxg2+ 43. Kg3 Ne1 44. Bd2 Nxf3 45. Bc3 Nd4 46. Kf2 Ke6 47. Nd2 Kd5 48. Bb4 f4 49. Be7 e4 50. Ke1 e3 51. Nf1 Ke4 52. Bg5 Nf3+ 53. Kd1 Nxg5 54. h4 Kd3 55. hxg5 e2+ 56. Ke1 exf1=Q+ 57. Kxf1 b4 0-1

[Event "NAYCC U18"]
[Site "Kingston CAN"]
[Date "2025.08.20"]
[Round "4.7"]
[White "Mulay, Vivan Prakash"]
[Black "Moses, Neil"]
[Result "0-1"]
[WhiteElo "2029"]
[BlackElo "2234"]
[WhiteFideId "-1"]
[WhiteFideId "-1"]
[PlyCount "98"]
[GameId "2215857434851287"]
[EventDate "2025.08.18"]
[EventType "swiss"]
[EventRounds "9"]
[EventCountry "CAN"]

1. Nf3 c5 2. c4 Nf6 3. Nc3 e6 4. g3 b6 5. Bg2 Bb7 6. O-O Be7 7. b3 O-O 8. Bb2 d6 9. d4 cxd4 10. Qxd4 Nbd7 11. Rad1 a6 12. e4 Qc7 13. Rfe1 Rfe8 14. h3 Rad8 15. Qe3 Qb8 16. Nd4 Bf8 17. f4 e5 18. Nde2 d5 19. fxe5 Bc5 20. Nd4 Qxe5 21. cxd5 Nxd5 22. Nxd5 Bxd5 23. Qd2 Bb7 24. b4 Bxd4+ 25. Bxd4 Qe6 26. Qf2 b5 27. a3 Ne5 28. Bxe5 Qxe5 29. Rxd8 Rxd8 30. Qb6 Qd4+ 31. Qxd4 Rxd4 32. Rc1 Kf8 33. Kf2 Rd2+ 34. Kf1 f5 35. Re1 fxe4 36. Bxe4 Bxe4 37. Rxe4 Rd3 38. Kf2 Rxa3 39. h4 Kf7 40. g4 h6 41. Kg2 Rc3 42. Kf2 Kf6 43. Rf4+ Ke6 44. Re4+ Kd6 45. Ke2 Rc4 46. Rxc4 bxc4 47. Kd2 Kd5 48. Kc3 g6 49. h5 g5 0-1

[Event "NAYCC U18"]
[Site "Kingston CAN"]
[Date "2025.08.20"]
[Round "4.8"]
[White "Schaefer, Sasha Milo"]
[Black "Tang, Vincent"]
[Result "0-1"]
[WhiteElo "2023"]
[BlackElo "1937"]
[WhiteFideId "-1"]
[WhiteFideId "-1"]
[PlyCount "100"]
[GameId "2215869924599889"]
[EventDate "2025.08.18"]
[EventType "swiss"]
[EventRounds "9"]
[EventCountry "CAN"]

1. e4 c6 2. d4 d5 3. exd5 cxd5 4. Bd3 Nc6 5. Ne2 g6 6. c3 Bf5 7. Ng3 Bxd3 8. Qxd3 Bg7 9. Nd2 Qd6 10. O-O Nf6 11. a4 O-O 12. f4 e6 13. b4 Rfe8 14. Ba3 Qd8 15. Ne2 Ne7 16. Qf3 h5 17. h3 h4 18. Nc1 Rc8 19. Bb2 Nf5 20. Nd3 Nh5 21. a5 Bh6 22. Rf2 Nfg3 23. Qg4 Qf6 24. Re1 Re7 25. Qf3 Rec7 26. Nb1 Ne4 27. Rxe4 dxe4 28. Qxe4 Qf5 29. Qf3 Nxf4 30. Nxf4 Qxb1+ 31. Kh2 Qf5 32. Qe3 Qg5 33. Rf3 Bg7 34. Qe1 e5 35. Nd5 Rd7 36. c4 Rxc4 37. Qe2 e4 38. Rc3 Rxc3 39. Nxc3 Qf4+ 40. Kh1 Bxd4 41. b5 Be5 42. Kg1 e3 43. Qf3 Qh2+ 44. Kf1 Qh1+ 45. Ke2 Bxc3 46. Bxc3 Qd1+ 47. Kxe3 Rd3+ 48. Kf4 Rxf3+ 49. gxf3 Qc1+ 50. Kg4 f5+ 0-1

[Event "NAYCC U18"]
[Site "Kingston CAN"]
[Date "2025.08.20"]
[Round "4.9"]
[White "Guillemette, Hugo"]
[Black "Chen, Max"]
[Result "1/2-1/2"]
[WhiteElo "2193"]
[BlackElo "2318"]
[WhiteFideId "-1"]
[WhiteFideId "-1"]
[PlyCount "170"]
[GameId "2215874254952540"]
[EventDate "2025.08.18"]
[EventType "swiss"]
[EventRounds "9"]
[EventCountry "CAN"]

1. e4 e6 2. d4 d5 3. Nc3 dxe4 4. Nxe4 Bd7 5. Nf3 Bc6 6. Bd3 Nd7 7. c3 Ngf6 8. Qc2 Be7 9. O-O Bxe4 10. Bxe4 Nxe4 11. Qxe4 c6 12. Bf4 O-O 13. Rfd1 Qb6 14. Qc2 Nf6 15. Ne5 Rfd8 16. b4 Nd7 17. Nc4 Qa6 18. Qb3 Nb6 19. Na5 Nd5 20. Bg3 Rac8 21. a4 c5 22. dxc5 Bxc5 23. bxc5 Qxa5 24. c4 Nb4 25. Bd6 Rd7 26. Rdb1 Na6 27. Qb5 Qd8 28. h3 Rc6 29. Re1 Qc8 30. Re5 b6 31. Rg5 f6 32. Rg4 bxc5 33. Bf4 Rb6 34. Qa5 Nb4 35. Be3 Nc2 36. Rf1 Nxe3 37. fxe3 f5 38. Rgf4 Rb4 39. e4 Rxc4 40. exf5 Rxf4 41. Rxf4 exf5 42. Rxf5 Rd1+ 43. Rf1 Rxf1+ 44. Kxf1 a6 45. Qc3 Qf5+ 46. Kg1 Qd5 47. Qa5 Qd1+ 48. Kf2 Qd6 49. Ke1 h6 50. Qc3 Qd5 51. Qb2 Qe4+ 52. Kf1 Qc4+ 53. Kf2 Qf4+ 54. Ke2 Qe4+ 55. Kf2 Kh7 56. a5 Qf4+ 57. Ke2 Qe4+ 58. Kf2 Qf4+ 59. Ke2 Qc4+ 60. Kf2 Qe4 61. Qc3 Qd5 62. Qc2+ Kg8 63. Qb2 Qd4+ 64. Qxd4 cxd4 65. Kf3 Kf7 66. Ke4 Ke6 67. Kxd4 Kd6 68. g4 Kc6 69. Ke5 Kb5 70. Kf5 Kxa5 71. Kg6 Kb4 72. Kxg7 a5 73. Kxh6 a4 74. g5 a3 75. g6 a2 76. g7 a1=Q 77. g8=Q Qf6+ 78. Kh5 Qf5+ 79. Kh4 Qf2+ 80. Qg3 Qxg3+ 81. Kxg3 Kc5 82. Kf4 Kd6 83. Kg5 Ke7 84. Kg6 Kf8 85. Kh7 Kf7 1/2-1/2

[Event "NAYCC U18"]
[Site "Kingston CAN"]
[Date "2025.08.20"]
[Round "4.10"]
[White "Malakar, Saarthak"]
[Black "Shankar, Pranav"]
[Result "0-1"]
[WhiteElo "2083"]
[BlackElo "2028"]
[WhiteFideId "-1"]
[WhiteFideId "-1"]
[PlyCount "58"]
[GameId "2215884719335536"]
[EventDate "2025.08.18"]
[EventType "swiss"]
[EventRounds "9"]
[EventCountry "CAN"]

1. d4 Nf6 2. c4 e6 3. g3 Bb4+ 4. Bd2 Be7 5. Bg2 d5 6. Nf3 c6 7. Qc2 Nbd7 8. O-O O-O 9. b3 b6 10. Nc3 Ba6 11. cxd5 cxd5 12. Rfe1 Rc8 13. Qb2 Ne4 14. Nxe4 dxe4 15. Ne5 Nxe5 16. dxe5 f5 17. Bc3 Qc7 18. Rac1 Rfd8 19. Bb4 Bxb4 20. Rxc7 Rxc7 21. Rf1 Rd2 22. Qb1 Bxe2 23. Bxe4 Bxf1 24. Kxf1 fxe4 25. Qxe4 Rcc2 26. Qxb4 Rxf2+ 27. Ke1 Rxh2 28. Kd1 Rxa2 29. Qe7 Ra1# 0-1

[Event "NAYCC U18"]
[Site "Kingston CAN"]
[Date "2025.08.20"]
[Round "4.12"]
[White "Blomer, John"]
[Black "Zhu, Matthew"]
[Result "0-1"]
[WhiteElo "1775"]
[BlackElo "2043"]
[WhiteFideId "-1"]
[WhiteFideId "-1"]
[PlyCount "82"]
[GameId "2215924719487207"]
[EventDate "2025.08.18"]
[EventType "swiss"]
[EventRounds "9"]
[EventCountry "CAN"]

1. e4 c5 2. Nf3 d6 3. Bb5+ Bd7 4. Bxd7+ Qxd7 5. O-O Nf6 6. Qe2 Nc6 7. Rd1 Rc8 8. b3 g6 9. Bb2 Bg7 10. c4 e5 11. d3 O-O 12. Nbd2 Ne8 13. Nf1 Nc7 14. Ne3 Rfe8 15. Nd5 f5 16. Ne1 Nxd5 17. exd5 Nd4 18. Bxd4 cxd4 19. Nc2 e4 20. Re1 e3 21. f4 Kh8 22. a4 g5 23. g3 gxf4 24. gxf4 Bf6 25. Kh1 Rg8 26. Rg1 Rg4 27. Raf1 Rcg8 28. h3 R4g7 29. Qe1 Qe8 30. Qe2 Rg6 31. Kh2 Qf7 32. Rxg6 Qxg6 33. Qf3 e2 34. Rh1 Bh4 35. b4 Bg3+ 36. Kg2 e1=N+ 37. Nxe1 Bxe1+ 38. Kf1 Bxb4 39. Qf2 Bc3 40. Qf3 Qe8 41. Kf2 Qxa4 0-1

[Event "NAYCC U18"]
[Site "Kingston CAN"]
[Date "2025.08.20"]
[Round "4.15"]
[White "Joseph, Jonath"]
[Black "Liu, Sean"]
[Result "0-1"]
[WhiteElo "1938"]
[BlackElo "1823"]
[WhiteFideId "-1"]
[WhiteFideId "-1"]
[PlyCount "104"]
[GameId "2215946199718143"]
[EventDate "2025.08.18"]
[EventType "swiss"]
[EventRounds "9"]
[EventCountry "CAN"]

1. Nf3 Nf6 2. b3 e6 3. Bb2 b6 4. e3 Bb7 5. Be2 Be7 6. O-O O-O 7. c4 Nc6 8. d4 d6 9. Nbd2 a5 10. a3 Nb8 11. Qc2 c5 12. Rfd1 Qc7 13. Nf1 Nbd7 14. Ng3 Rac8 15. Rd2 Rfd8 16. Rad1 d5 17. dxc5 Nxc5 18. Be5 Qc6 19. cxd5 Nxd5 20. Nd4 Qe8 21. Bb5 Qf8 22. Qb2 Nd7 23. Bxd7 Rxd7 24. Nc2 f6 25. Bd4 Rd6 26. e4 Nc7 27. e5 fxe5 28. Bxe5 Rxd2 29. Rxd2 Nd5 30. Nh5 Nf6 31. Nxf6+ Bxf6 32. h3 Bd5 33. Ne3 Bxe5 34. Qxe5 Bxb3 35. Qb2 a4 36. Rd7 Rd8 37. Qxg7+ Qxg7 38. Rxd8+ Qf8 39. Rxf8+ Kxf8 40. Kf1 b5 41. Ke2 b4 42. Kd2 bxa3 43. Kc3 Ke7 44. Nf1 Kd6 45. Ng3 Ke5 46. Ne2 a2 47. Kb2 Ke4 48. Nc3+ Kd3 49. Nxa2 Bxa2 50. Kxa2 Ke2 51. f4 Ke3 52. Ka3 Kxf4 0-1

[Event "NAYCC U18"]
[Site "Kingston CAN"]
[Date "2025.08.20"]
[Round "4.16"]
[White "Samanta, Neelansh"]
[Black "Zhuang, Ryan"]
[Result "1-0"]
[WhiteElo "1698"]
[BlackElo "1706"]
[WhiteFideId "-1"]
[WhiteFideId "-1"]
[PlyCount "95"]
[GameId "2215962018715911"]
[EventDate "2025.08.18"]
[EventType "swiss"]
[EventRounds "9"]
[EventCountry "CAN"]

1. b3 d5 2. Bb2 c5 3. e3 Nc6 4. Bb5 f6 5. c4 d4 6. Qh5+ g6 7. Bxc6+ bxc6 8. Qxc5 dxe3 9. fxe3 Qc7 10. e4 e5 11. Qf2 Bg7 12. Nf3 Ne7 13. O-O O-O 14. Nc3 f5 15. d3 Bb7 16. Na4 Rad8 17. Nc5 Bc8 18. Rad1 h6 19. b4 a6 20. h3 Kh7 21. Bc3 Rf7 22. Qe2 Re8 23. Qb2 Ng8 24. exf5 gxf5 25. Rde1 Rfe7 26. Re2 e4 27. dxe4 fxe4 28. Nd4 Qg3 29. Be1 Qg6 30. Kh1 Be5 31. Rxe4 Nf6 32. Re3 Kh8 33. Qe2 h5 34. Nxc6 Bg4 35. Nxe7 Rxe7 36. Qd3 Qe8 37. Qc2 Qc6 38. Bc3 Bxc3 39. Qxc3 Rf7 40. Qe5 Kh7 41. hxg4 hxg4 42. Ne4 Qxc4 43. Nxf6+ Rxf6 44. Qxf6 Qxf1+ 45. Qxf1 g3 46. Rxg3 a5 47. Qf7+ Kh6 48. Qg6# 1-0

[Event "NAYCC U18"]
[Site "Kingston CAN"]
[Date "2025.08.20"]
[Round "5.1"]
[White "Cherukuri, Nitesh"]
[Black "Guo, Ethan"]
[Result "0-1"]
[WhiteElo "2252"]
[BlackElo "2311"]
[WhiteFideId "-1"]
[WhiteFideId "-1"]
[PlyCount "78"]
[GameId "2218335745350673"]
[EventDate "2025.08.18"]
[EventType "swiss"]
[EventRounds "9"]
[EventCountry "CAN"]

1. e4 c5 2. Nf3 d6 3. d4 cxd4 4. Nxd4 Nf6 5. Nc3 a6 6. h3 g6 7. Be3 Bg7 8. Qd2 h5 9. O-O-O b5 10. f3 Bb7 11. a3 Nbd7 12. Bd3 Nc5 13. g4 Nxd3+ 14. Qxd3 Nd7 15. Qe2 Rc8 16. gxh5 Rxh5 17. Rhg1 Rxc3 18. bxc3 Qa5 19. Nb3 Qxc3 20. Bd4 Bxd4 21. Rxd4 Nc5 22. Rb4 Nxb3+ 23. Rxb3 Qa1+ 24. Rb1 Qxa3+ 25. Kd2 Rxh3 26. Rgf1 Qc5 27. Kd3 d5 28. e5 Bc8 29. Qe3 Qc7 30. Kd2 Bf5 31. Rb2 Kf8 32. Rf2 Rh1 33. Ra2 Qc4 34. Rb2 Qa4 35. Qc5 Qa1 36. Kc3 Rb1 37. Qb4 Rxb2 38. Qxb2 Qe1+ 39. Rd2 d4+ 0-1

[Event "NAYCC U18"]
[Site "Kingston CAN"]
[Date "2025.08.20"]
[Round "5.2"]
[White "Kot, Emanuel"]
[Black "Das, Aditeya"]
[Result "1/2-1/2"]
[WhiteElo "2166"]
[BlackElo "2259"]
[WhiteFideId "-1"]
[WhiteFideId "-1"]
[PlyCount "104"]
[GameId "2216200115372394"]
[EventDate "2025.08.18"]
[EventType "swiss"]
[EventRounds "9"]
[EventCountry "CAN"]

1. e4 c5 2. Nf3 d6 3. d4 cxd4 4. Nxd4 Nf6 5. Nc3 a6 6. f3 e5 7. Nb3 Be6 8. Be3 h5 9. Qd2 Be7 10. Nd5 Nxd5 11. exd5 Bf5 12. Be2 Nd7 13. O-O O-O 14. f4 exf4 15. Bxf4 Bg6 16. Kh1 Ne5 17. c3 Bf6 18. Nd4 Rc8 19. Nf3 Re8 20. Rad1 Qd7 21. Nxe5 Bxe5 22. Bg5 f6 23. Be3 b5 24. Bd3 Bxd3 25. Qxd3 Qg4 26. a3 Rc4 27. Bg1 Qe4 28. Qh3 Qg4 29. Qd3 Re4 30. Rde1 f5 31. Qf3 Qxf3 32. gxf3 Rxe1 33. Rxe1 Rc8 34. Rd1 Kf7 35. Kg2 g5 36. Bd4 Re8 37. Bxe5 dxe5 38. b3 Ke7 39. d6+ Kd7 40. c4 bxc4 41. bxc4 e4 42. fxe4 Rxe4 43. c5 Re8 44. Rd5 Rf8 45. Re5 Kc6 46. Kf3 Rf7 47. a4 a5 48. Kg3 Rf8 49. Kf3 h4 50. Ke3 Rf7 51. Kf3 Rf8 52. Ke3 Rf7 1/2-1/2

[Event "NAYCC U18"]
[Site "Kingston CAN"]
[Date "2025.08.20"]
[Round "5.3"]
[White "Park, Evan"]
[Black "Moses, Neil"]
[Result "1-0"]
[WhiteElo "2412"]
[BlackElo "2234"]
[WhiteFideId "-1"]
[WhiteFideId "-1"]
[PlyCount "67"]
[GameId "2216202585792882"]
[EventDate "2025.08.18"]
[EventType "swiss"]
[EventRounds "9"]
[EventCountry "CAN"]

1. e4 c5 2. Nf3 e6 3. d4 cxd4 4. Nxd4 a6 5. Bd3 Nf6 6. O-O Qc7 7. Qe2 d6 8. Bd2 Be7 9. f4 Nbd7 10. c4 O-O 11. Nc3 b6 12. Rac1 Re8 13. g4 g6 14. g5 Nh5 15. f5 Ne5 16. f6 Bf8 17. Rfd1 Bd7 18. Be3 Nxd3 19. Rxd3 d5 20. cxd5 Nf4 21. Bxf4 Qxf4 22. Qd2 Qxd2 23. Rxd2 Rac8 24. dxe6 Bxe6 25. Nxe6 Rxe6 26. Rcd1 Ree8 27. Kg2 b5 28. Kf3 h6 29. h4 b4 30. Nd5 Rc6 31. Nf4 hxg5 32. hxg5 Re5 33. Rd8 Rc4 34. Rh1 1-0

[Event "NAYCC U18"]
[Site "Kingston CAN"]
[Date "2025.08.20"]
[Round "5.4"]
[White "Patel, Maahir M"]
[Black "Yang, Jingyun (Ryan)"]
[Result "1/2-1/2"]
[WhiteElo "2114"]
[BlackElo "2372"]
[WhiteFideId "-1"]
[WhiteFideId "-1"]
[PlyCount "48"]
[GameId "2216205578215805"]
[EventDate "2025.08.18"]
[EventType "swiss"]
[EventRounds "9"]
[EventCountry "CAN"]

1. e4 c5 2. Nf3 Nc6 3. Bb5 g6 4. Bxc6 dxc6 5. d3 Bg7 6. h3 Nf6 7. Nc3 b6 8. Be3 h6 9. Qd2 Be6 10. a4 Qc7 11. a5 Qb7 12. O-O g5 13. Nh2 Rd8 14. Qe2 Nd7 15. f4 gxf4 16. Rxf4 Ne5 17. Rf2 Qc7 18. Qh5 Ng6 19. Ng4 Qg3 20. Ne2 Qh4 21. Qxh4 Nxh4 22. axb6 axb6 23. Ra6 h5 24. Nh2 Rb8 1/2-1/2

[Event "NAYCC U18"]
[Site "Kingston CAN"]
[Date "2025.08.20"]
[Round "5.5"]
[White "Vemparala, Nikash"]
[Black "Shankar, Pranav"]
[Result "1-0"]
[WhiteElo "2176"]
[BlackElo "2028"]
[WhiteFideId "-1"]
[WhiteFideId "-1"]
[PlyCount "59"]
[GameId "2216212635595144"]
[EventDate "2025.08.18"]
[EventType "swiss"]
[EventRounds "9"]
[EventCountry "CAN"]

1. c4 e5 2. g3 Nf6 3. Bg2 c6 4. d4 e4 5. d5 Bb4+ 6. Bd2 Qe7 7. Nc3 O-O 8. Nh3 d6 9. O-O a5 10. a3 Bxc3 11. Bxc3 Nbd7 12. Qd4 cxd5 13. cxd5 Nc5 14. Rad1 a4 15. Nf4 b6 16. h3 Re8 17. g4 h6 18. Qe3 Ba6 19. Kh1 Kh7 20. Qg3 g5 21. Bxf6 Qxf6 22. Nh5 Qe5 23. Qe3 Qxb2 24. f4 exf3 25. Qxf3 Re7 26. Qf5+ Kg8 27. Nf6+ Kf8 28. Qh7 Rxe2 29. Qg8+ Ke7 30. Qxa8 1-0

[Event "NAYCC U18"]
[Site "Kingston CAN"]
[Date "2025.08.20"]
[Round "5.6"]
[White "Tang, Vincent"]
[Black "Martinez Flores, Matias"]
[Result "0-1"]
[WhiteElo "1937"]
[BlackElo "2060"]
[WhiteFideId "-1"]
[WhiteFideId "-1"]
[PlyCount "56"]
[GameId "2216217003139472"]
[EventDate "2025.08.18"]
[EventType "swiss"]
[EventRounds "9"]
[EventCountry "CAN"]

1. d4 d5 2. c4 e6 3. Nc3 Bb4 4. cxd5 exd5 5. Qb3 c5 6. Bf4 Nc6 7. O-O-O c4 8. Qc2 Nge7 9. f3 O-O 10. e4 Bxc3 11. Qxc3 b5 12. Kb1 a5 13. Ka1 Be6 14. Qc1 Qb6 15. Be3 Qb7 16. Nh3 a4 17. Ng5 Na5 18. Qc2 Rfc8 19. g4 g6 20. h4 b4 21. h5 b3 22. Qh2 a3 23. bxa3 c3 24. Bd3 c2 25. Bxc2 Rxc2 26. Rd2 Rac8 27. Rf2 b2+ 28. Kb1 Rc1+ 0-1

[Event "NAYCC U18"]
[Site "Kingston CAN"]
[Date "2025.08.20"]
[Round "5.7"]
[White "Chen, Max"]
[Black "Schaefer, Sasha Milo"]
[Result "1-0"]
[WhiteElo "2318"]
[BlackElo "2023"]
[WhiteFideId "-1"]
[WhiteFideId "-1"]
[PlyCount "125"]
[GameId "2216228749402587"]
[EventDate "2025.08.18"]
[EventType "swiss"]
[EventRounds "9"]
[EventCountry "CAN"]

1. e4 c6 2. d4 d5 3. exd5 cxd5 4. Nf3 Nc6 5. c3 Nf6 6. Ne5 e6 7. Bd3 Bd6 8. Qe2 Qc7 9. Bf4 Nd7 10. Bb5 O-O 11. Nxd7 Bxd7 12. Bxd6 Qxd6 13. O-O Ne7 14. Bd3 Qb6 15. Re1 Nc8 16. Qc2 g6 17. a4 Nd6 18. Nd2 Rae8 19. Re2 Kg7 20. Nf3 Re7 21. Ne5 Be8 22. Qc1 f6 23. Ng4 g5 24. Ne3 Qd8 25. h4 Bg6 26. Bxg6 hxg6 27. hxg5 f5 28. Nf1 f4 29. Nd2 Ree8 30. Qe1 Qe7 31. c4 f3 32. Re5 fxg2 33. cxd5 Rh8 34. Kxg2 Qf7 35. Rxe6 Rhf8 36. Qe5+ Kg8 37. f3 Nc4 38. Qe4 Rxe6 39. dxe6 Qf5 40. Qxf5 Ne3+ 41. Kf2 Nxf5 42. Ne4 Rd8 43. d5 Kf8 44. Nc3 Kg7 45. Rd1 Nd6 46. Ne4 a5 47. e7 Nxe4+ 48. fxe4 Ra8 49. Ke3 Kf7 50. Rh1 Ra6 51. Rh7+ Ke8 52. Kd4 b5 53. axb5 Rb6 54. Kc5 Rb7 55. Rh8+ Kxe7 56. Rh7+ Kd8 57. Rxb7 a4 58. Ra7 a3 59. bxa3 Kc8 60. Kd6 Kb8 61. Rh7 Kc8 62. Rg7 Kb8 63. Kc6 1-0

[Event "NAYCC U18"]
[Site "Kingston CAN"]
[Date "2025.08.20"]
[Round "5.9"]
[White "Berube, Maximilien"]
[Black "Guillemette, Hugo"]
[Result "0-1"]
[WhiteElo "1928"]
[BlackElo "2193"]
[WhiteFideId "-1"]
[WhiteFideId "-1"]
[PlyCount "104"]
[GameId "2216239744111410"]
[EventDate "2025.08.18"]
[EventType "swiss"]
[EventRounds "9"]
[EventCountry "CAN"]

1. g3 c5 2. c4 Nf6 3. Bg2 d5 4. cxd5 Nxd5 5. Nc3 Nc7 6. Nf3 Nc6 7. a3 g6 8. h4 h5 9. Ne4 Ne6 10. Nfg5 Qb6 11. b4 Bg7 12. Rb1 cxb4 13. axb4 Nxg5 14. Nxg5 Bf5 15. d3 O-O 16. O-O Qb5 17. Be3 Nxb4 18. Qb3 a5 19. Bd2 Rab8 20. Bxb4 axb4 21. Qxb4 Qxb4 22. Rxb4 b5 23. Rfb1 Bd7 24. d4 Rfc8 25. e3 Bf8 26. Ne4 Rb6 27. Nc5 Be8 28. Bf1 e6 29. R4b2 Bxc5 30. Rc2 Rbc6 31. dxc5 Rxc5 32. Rxc5 Rxc5 33. Bd3 Kf8 34. Kf1 Ke7 35. Ke2 Kd6 36. Rb4 Kc7 37. Kd2 Kb6 38. Rd4 Rd5 39. Rf4 Kc5 40. Kc2 f5 41. Bf1 e5 42. Rf3 b4 43. Ba6 Ba4+ 44. Kc1 Rd1+ 45. Kb2 Rd6 46. Bb7 Bd1 47. Ka1 Bxf3 48. Bxf3 e4 49. Bg2 Rd1+ 50. Kb2 Rd2+ 51. Kb3 Rxf2 52. Bh1 Rh2 0-1

[Event "NAYCC U18"]
[Site "Kingston CAN"]
[Date "2025.08.20"]
[Round "5.10"]
[White "Liu, Sean"]
[Black "Lin, Leo"]
[Result "0-1"]
[WhiteElo "1823"]
[BlackElo "2059"]
[WhiteFideId "-1"]
[WhiteFideId "-1"]
[PlyCount "73"]
[GameId "2216246203487037"]
[EventDate "2025.08.18"]
[EventType "swiss"]
[EventRounds "9"]
[EventCountry "CAN"]

1. e4 c5 2. Nf3 d6 3. d4 cxd4 4. Nxd4 Nf6 5. Nc3 Nc6 6. Bg5 e6 7. Qd2 a6 8. O-O-O Bd7 9. f3 Be7 10. h4 h6 11. Be3 h5 12. Be2 b5 13. Rdg1 Qc7 14. Kb1 Ne5 15. Nd1 Rb8 16. Nf2 Nc4 17. Bxc4 bxc4 18. c3 e5 19. Ne2 d5 20. f4 Ba3 21. Nd1 Nxe4 22. Qxd5 Bf5 23. Ka1 O-O 24. Qxe5 Qb7 25. Bc1 Bg4 26. Qa5 Bxe2 27. Qxa3 Bxd1 28. Rxd1 Nf2 29. Qc5 Nxh1 30. Rxh1 Rbc8 31. Qxh5 Qxg2 32. Rd1 Rcd8 33. f5 g6 34. fxg6 fxg6 35. Qh8+ Kxh8 36. Rg1 Qxg1 37. h5 0-1

[Event "NAYCC U18"]
[Site "Kingston CAN"]
[Date "2025.08.20"]
[Round "5.11"]
[White "Zhu, Matthew"]
[Black "Mulay, Vivan Prakash"]
[Result "1-0"]
[WhiteElo "2043"]
[BlackElo "2029"]
[WhiteFideId "-1"]
[WhiteFideId "-1"]
[PlyCount "65"]
[GameId "2216301378901177"]
[EventDate "2025.08.18"]
[EventType "swiss"]
[EventRounds "9"]
[EventCountry "CAN"]

1. e4 c5 2. Nf3 d6 3. Bb5+ Bd7 4. Bxd7+ Qxd7 5. c4 Nc6 6. Nc3 Nf6 7. d4 cxd4 8. Nxd4 g6 9. f3 Bg7 10. Be3 O-O 11. O-O a6 12. Qd3 Ne5 13. Qe2 Rac8 14. b3 b5 15. Nd5 Rb8 16. cxb5 axb5 17. Rac1 Rb7 18. h3 Nh5 19. Rfd1 b4 20. Qe1 Rfb8 21. f4 e6 22. fxe5 exd5 23. Nc6 Re8 24. exd6 Qxd6 25. Rxd5 Qe6 26. Rd8 Qxe4 27. Bc5 Qxe1+ 28. Rxe1 Rxd8 29. Nxd8 Rb5 30. Re8+ Bf8 31. Rxf8+ Kg7 32. Rxf7+ Kg8 33. Rf8+ 1-0

[Event "NAYCC U18"]
[Site "Kingston CAN"]
[Date "2025.08.20"]
[Round "5.12"]
[White "Lu, Yiding"]
[Black "Ramesan, Raunak Amit"]
[Result "1-0"]
[WhiteElo "2042"]
[BlackElo "1915"]
[WhiteFideId "-1"]
[WhiteFideId "-1"]
[PlyCount "77"]
[GameId "2216303555548725"]
[EventDate "2025.08.18"]
[EventType "swiss"]
[EventRounds "9"]
[EventCountry "CAN"]

1. e4 c5 2. Nf3 d6 3. d4 cxd4 4. Nxd4 Nf6 5. Nc3 Nc6 6. Bg5 e6 7. Qd2 a6 8. O-O-O Bd7 9. Kb1 Nxd4 10. Qxd4 Be7 11. f3 b5 12. h4 Qc7 13. Bd3 O-O 14. h5 h6 15. Bc1 Rab8 16. g4 Nh7 17. e5 d5 18. f4 Rfc8 19. g5 hxg5 20. Bxh7+ Kxh7 21. fxg5 Be8 22. g6+ Kg8 23. h6 Bf8 24. gxf7+ Qxf7 25. Rdf1 Qe7 26. Nxd5 Qc5 27. hxg7 Bxg7 28. Qd3 Bf7 29. Qh7+ Kf8 30. Rxf7+ Kxf7 31. Rf1+ Ke8 32. Qg6+ Kd8 33. Bg5+ Bf6 34. Qxf6+ Kd7 35. Qf7+ Kc6 36. Qxe6+ Kb7 37. Rf7+ Ka8 38. Qxa6+ Qa7 39. Qxa7# 1-0

[Event "NAYCC U18"]
[Site "Kingston CAN"]
[Date "2025.08.20"]
[Round "5.13"]
[White "Blomer, John"]
[Black "Samanta, Neelansh"]
[Result "1/2-1/2"]
[WhiteElo "1775"]
[BlackElo "1698"]
[WhiteFideId "-1"]
[WhiteFideId "-1"]
[PlyCount "46"]
[GameId "2216305048262205"]
[EventDate "2025.08.18"]
[EventType "swiss"]
[EventRounds "9"]
[EventCountry "CAN"]

1. d4 d5 2. c4 c6 3. Nc3 Nf6 4. Nf3 e6 5. e3 Be7 6. Qc2 Nbd7 7. b3 O-O 8. Bb2 b6 9. Bd3 Bb7 10. O-O h6 11. Rfd1 Rc8 12. Qe2 Re8 13. Rac1 Bd6 14. e4 dxe4 15. Nxe4 Nxe4 16. Qxe4 Nf6 17. Qe2 Qe7 18. Bb1 c5 19. Re1 cxd4 20. Nxd4 Bb4 21. Red1 Red8 22. Nf3 Ba3 23. Ne5 Bxb2 1/2-1/2

[Event "NAYCC U18"]
[Site "Kingston CAN"]
[Date "2025.08.20"]
[Round "5.16"]
[White "Zhuang, Ryan"]
[Black "Joseph, Jonath"]
[Result "1/2-1/2"]
[WhiteElo "1706"]
[BlackElo "1938"]
[WhiteFideId "-1"]
[WhiteFideId "-1"]
[PlyCount "49"]
[GameId "2216308490131021"]
[EventDate "2025.08.18"]
[EventType "swiss"]
[EventRounds "9"]
[EventCountry "CAN"]

1. e4 e5 2. Nc3 Bc5 3. f4 d6 4. Nf3 Nc6 5. Bc4 a6 6. h3 Nf6 7. d3 O-O 8. f5 Bb4 9. Bg5 Bxc3+ 10. bxc3 Na5 11. Bb3 Nxb3 12. cxb3 d5 13. Qe2 dxe4 14. dxe4 Qd6 15. O-O Qc6 16. Bxf6 Qxf6 17. Rad1 b5 18. Rd5 Re8 19. Rfd1 Bb7 20. R5d3 Qc6 21. Re3 Qc5 22. Kh1 Rad8 23. Red3 Rxd3 24. Rxd3 Qc6 25. Nd2 1/2-1/2

[Event "NAYCC U18"]
[Site "Kingston CAN"]
[Date "2025.08.21"]
[Round "6.1"]
[White "Guo, Ethan"]
[Black "Kot, Emanuel"]
[Result "0-1"]
[WhiteElo "2311"]
[BlackElo "2166"]
[WhiteFideId "-1"]
[WhiteFideId "-1"]
[PlyCount "96"]
[GameId "2216520285580913"]
[EventDate "2025.08.18"]
[EventType "swiss"]
[EventRounds "9"]
[EventCountry "CAN"]

1. e4 c5 2. Nf3 e6 3. d4 cxd4 4. Nxd4 Nf6 5. Nc3 Nc6 6. Ndb5 d6 7. Bf4 e5 8. Bg5 a6 9. Na3 b5 10. Nd5 Be7 11. Bxf6 Bxf6 12. c3 Rb8 13. Nc2 Bg5 14. a4 bxa4 15. Ncb4 Nxb4 16. cxb4 O-O 17. Rxa4 a5 18. h4 Bh6 19. b5 Bd7 20. Nc3 d5 21. exd5 f5 22. Be2 Kh8 23. d6 Be6 24. Bc4 Rf6 25. O-O Bxc4 26. Rxc4 Rxd6 27. Qh5 Qf8 28. Rd1 g6 29. Qe2 e4 30. h5 Bg7 31. Rc7 Rbd8 32. Rxd6 Qxd6 33. Qc4 Qd2 34. Re7 Qc1+ 35. Kh2 Be5+ 36. Rxe5 Qf4+ 37. g3 Qxe5 38. h6 Qd4 39. Qf7 Qxf2+ 40. Kh3 Qf1+ 41. Kh4 Qh1+ 42. Kg5 Qh5+ 43. Kf6 Qxh6 44. Ke7 Qg5+ 45. Ke6 e3 46. b6 e2 47. Nxe2 Qe3+ 48. Kf6 Rd6+ 0-1

[Event "NAYCC U18"]
[Site "Kingston CAN"]
[Date "2025.08.21"]
[Round "6.2"]
[White "Das, Aditeya"]
[Black "Park, Evan"]
[Result "1/2-1/2"]
[WhiteElo "2259"]
[BlackElo "2412"]
[WhiteFideId "-1"]
[WhiteFideId "-1"]
[PlyCount "61"]
[GameId "2216526777958413"]
[EventDate "2025.08.18"]
[EventType "swiss"]
[EventRounds "9"]
[EventCountry "CAN"]

1. d4 Nf6 2. c4 e6 3. Nf3 d5 4. Nc3 Bb4 5. Qa4+ Nc6 6. e3 O-O 7. Qc2 a5 8. Bd2 Ne7 9. a3 Bxc3 10. Bxc3 b6 11. Bd3 Ba6 12. cxd5 Bxd3 13. Qxd3 exd5 14. O-O Qd6 15. Rfc1 Ne4 16. b4 axb4 17. axb4 Nf5 18. Rxa8 Rxa8 19. Be1 f6 20. Qb5 Ne7 21. Ra1 Rd8 22. Nd2 Qe6 23. Rc1 Nd6 24. Qd3 Qd7 25. f3 Qb5 26. Qc3 c6 27. Bg3 Nf7 28. e4 dxe4 29. fxe4 Ra8 30. Nc4 Ra4 31. Rb1 1/2-1/2